Critical narrative as pedagogy

Salvato in:
Dettagli Bibliografici
Autore principale: GOODSON, Ivor GILL, Scherto
Natura: Libro
Lingua:inglese
Pubblicazione: Bloomsbury Academic 2014
Tags: Aggiungi Tag
Nessun Tag, puoi essere il primo ad aggiungerne!!

MARC

LEADER 00000nam a22000007a 4500
008 210712b ||||| |||| 00| 0 eng d
020 |a 9781623563820 
100 |a GOODSON, Ivor  |a GILL, Scherto 
245 |a Critical narrative as pedagogy  |c Ivor Goodson and Scherto Gill  |e (Critical pedagogy today series)  |g vi,276p. 
250 |c Shirley r. Steinberg [and] Ana Maria Araujo Freire 
260 |b Bloomsbury Academic  |c 2014  |h New York  |i 696493  |i 696494  |l LC196.G62  |m Critical pedagogy  |m Autobiography 
500 |a It includes bibliography and index 
942 |a lcc  |c BK  |e Kuteyi M. A.  |f 12/7/21 
952 |0 0  |1 0  |2 lcc  |4 0  |6 LC0196 G62  |7 0  |9 2769  |a HOL  |b HOL  |c LP  |d 2021-07-12  |l 0  |o LC196.G62  |p 2021-6624  |r 2021-07-12 00:00:00  |w 2021-07-12  |y BK 
952 |0 0  |1 0  |2 lcc  |4 0  |6 LC0196 G62  |7 0  |9 2770  |a HOL  |b ART  |c LP  |d 2021-07-12  |l 0  |o LC196.G62  |p 2021-6625  |r 2021-07-12 00:00:00  |w 2021-07-12  |y BK 
999 |c 1443  |d 1443